Giáo trình kỹ thuật lập trình hướng đối tượng bằng C++

Giáo trình được biên soạn về kỹ thuật lập trường hướng đối tượng căn bản bằng C++ cho sinh viên ngành Công nghệ thông tin và cho những ai quan tâm đến phương pháp lập trình hướng đối tượng để phát triển những ứng dụng độc lập với...

Disgrifiad llawn

Wedi'i Gadw mewn:
Manylion Llyfryddiaeth
Prif Awdur: Nguyễn Tuấn Anh
Fformat: Llyfr
Iaith:Vietnamese
Cyhoeddwyd: H. Giáo dục Việt Nam 2016
Rhifyn:Tái bản lần thứ 2
Pynciau:
Tagiau: Ychwanegu Tag
Dim Tagiau, Byddwch y cyntaf i dagio'r cofnod hwn!
Thư viện lưu trữ: Thư viện Trường Đại học Nam Cần Thơ
LEADER 01989nam a22002537a 4500
001 NCT_76037
008 200309b xxu||||| |||| 00| 0 vie d
999 |c 3706  |d 3706 
020 |a 9786040017840  |c 65000 
082 0 4 |2 23rd ed.  |a 055.133  |b A107 
100 1 |a Nguyễn Tuấn Anh 
245 1 0 |a Giáo trình kỹ thuật lập trình hướng đối tượng bằng C++  |c Nguyễn Tuấn Anh 
250 |a Tái bản lần thứ 2 
260 |a H.  |b Giáo dục Việt Nam  |c 2016 
300 |a 279 tr.  |b minh họa  |c 24cm 
520 3 |a Giáo trình được biên soạn về kỹ thuật lập trường hướng đối tượng căn bản bằng C++ cho sinh viên ngành Công nghệ thông tin và cho những ai quan tâm đến phương pháp lập trình hướng đối tượng để phát triển những ứng dụng độc lập với môi trường hay để xây dựng các ứng dụng thực tế. 
653 |a Công nghệ thông tin 
942 |2 ddc  |c BK 
952 |0 0  |1 0  |2 ddc  |4 0  |6 055_133000000000000_A107  |7 0  |9 18989  |a 000001  |b 000001  |d 2020-03-09  |l 1  |o 055.133 A107  |p MD.16792  |r 2020-11-23  |s 2020-11-09  |v 65000.00  |w 2020-03-09  |y BK 
952 |0 0  |1 0  |2 ddc  |4 0  |6 055_133000000000000_A107  |7 0  |9 18990  |a 000001  |b 000001  |d 2020-03-09  |l 1  |o 055.133 A107  |p MD.16793  |r 2020-06-30  |s 2020-06-15  |v 65000.00  |w 2020-03-09  |y BK 
952 |0 0  |1 0  |2 ddc  |4 0  |6 055_133000000000000_A107  |7 0  |9 18991  |a 000001  |b 000001  |d 2020-03-09  |l 3  |o 055.133 A107  |p MD.16794  |r 2020-11-23  |s 2020-11-09  |v 65000.00  |w 2020-03-09  |y BK 
952 |0 0  |1 0  |2 ddc  |4 0  |6 055_133000000000000_A107  |7 0  |9 18992  |a 000001  |b 000001  |d 2020-03-09  |l 2  |m 1  |o 055.133 A107  |p MD.16795  |q 2022-03-09  |r 2022-02-16  |s 2022-02-16  |v 65000.00  |w 2020-03-09  |y BK 
952 |0 0  |1 0  |2 ddc  |4 0  |6 055_133000000000000_A107  |7 0  |9 18993  |a 000001  |b 000001  |d 2020-03-09  |o 055.133 A107  |p MD.16796  |r 2020-03-09  |v 65000.00  |w 2020-03-09  |y BK 
980 |a Thư viện Trường Đại học Nam Cần Thơ